Carowie Rosji (1547-1917) - Statystyki

Ogólne statystyki
  • Ten quiz został rozwiązany 534 razy
  • Średni wynik to 14 z 25
Statystyki odpowiedzi
Panowanie Car/Cesarz % Poprawnych
(1825-1855) Mikołaj I
94%
(1894-1917) Mikołaj II
92%
(1682-1725) Piotr I
90%
(1801-1825) Aleksander I
87%
(1725-1727) Katarzyna I
87%
(1855-1881) Aleksander II
86%
(1762-1796) Katarzyna II
81%
(1727-1730) Piotr II
81%
(1881-1894) Aleksander III
75%
(1547-1584) Iwan IV
74%
(1762-1762) Piotr III
74%
(1682-1696) Iwan V
55%
(1796-1801) Paweł I
48%
(1740-1741) Iwan VI
44%
(1613-1645) Michał I
42%
(1605-1606) Dymitr II
35%
(1584-1598) Fiodor I
35%
(1610-1613) Władysław IV
31%
(1598-1605) Borys Godunow
29%
(1605-1605) Fiodor II
28%
(1645-1676) Aleksy I
26%
(1741-1762) Elżbieta I
26%
(1676-1682) Fiodor III
26%
(1730-1740) Anna I
22%
(1606-1610) Wasyl IV
18%
Nie znaleziono quizów pasujących do podanych kryteriów
Rozkład punktacji
Procent ludzi z każdym wynikiem
Percentyl według liczby udzielonych odpowiedzi
Twoja historia wyników
Nie rozwiązałeś tego quizu